The LIFE in the '50s Quiz Stats

 Plays Quiz not verified by Sporcle

Support Sporcle.
Go Orange.
Score 0/15 Timer 04:00
1 Play Today
Hint Answer % Correct
John F. Kennedy
98.9%
Elizabeth II
97.2%
Richard Nixon
96.9%
Anne Frank
95.7%
Marilyn Monroe
91%
Dwight D. Eisenhower
90.9%
Audrey Hepburn
81.4%
Judy Garland
80.5%
Hint Answer % Correct
Marlon Brando
73.3%
Grace Kelly
72.3%
Ernest Hemingway
70.2%
Harry S. Truman
68.7%
Mickey Mantle
59.4%
Vivien Leigh & Laurence Olivier
42.4%
Pope Pius XII
29.3%

You're not logged in!

Compare scores with friends on all Sporcle quizzes.
OR
Log In

From the Vault

President, VP, Both, or Neither

by 12bball

You're telling us that Bill Pullman was never president? That can't be true.
Remove Ads.
Support Sporcle.
Get the best of Sporcle when you Go Orange. This ad-free experience offers more features, more stats, and more fun while also helping to support Sporcle. Thank you for becoming a member.

Show Comments

Extras

Top Quizzes Today


Score Distribution

Your Account Isn't Verified!

In order to create a playlist on Sporcle, you need to verify the email address you used during registration. Go to your Sporcle Settings to finish the process.

Report this User

Report this user for behavior that violates our Community Guidelines.

Details: